000 00567nam a22001937a 4500
003 DO-SdBNP
005 20180126103234.0
008 171031b 1987 mx|||| |||| 00| 0 spa d
020 _a9681817672
040 _aBPMSU
_bspa
_cBPMSU
100 1 _aElorduy Conconi, Julieta Ramos de
245 1 4 _aLos insectos como fuente de proteínas en el futuro /
_cJulieta Ramos Elorduy de Conconi.
250 _a2a ed.
260 _aMéxico :
_bLimusa,
_c1987.
300 _a148 p. :
_bil. ;
_c23 cm.
942 _2ddc
_cBK
945 _aInventariado, 2018 /LP
956 _aBTAVAREZ
_b10
999 _c9727
_d9727